000 00436nam a2200169Ia 4500
003 GCL
008 140319s9999 xx 000 0 ara d
040 _aGCL /
_cGCL
082 0 4 _a811.00802
_bا س
100 1 _aاحمد سويلم
245 1 0 _aالسفر والاوسمة /
_cاحمد سويلم
300 _a95
490 _aكتاب
_v0
650 0 4 _aالشعر
650 0 4 _aالشعر العربى - مصر
942 _2ddc
_cBK
999 _c42818
_d42818